<?xml version="1.0" encoding="UTF-8"?>
<marc:record xmlns:marc="http://www.loc.gov/MARC21/slim">
   <marc:leader>00000nam a2200000 a 4500</marc:leader>
   <marc:datafield ind1="1" ind2=" " tag="100">
      <marc:subfield code="a">Kürthy, Ildiko von</marc:subfield>
      <marc:subfield code="4">aut</marc:subfield>
      <marc:subfield code="e">Verfasser/-in</marc:subfield>
   </marc:datafield>
   <marc:datafield ind1="1" ind2=" " tag="100">
      <marc:subfield code="a">Sadurski, Tomek</marc:subfield>
   </marc:datafield>
   <marc:datafield ind1=" " ind2=" " tag="653">
      <marc:subfield code="a">Frauenromane</marc:subfield>
   </marc:datafield>
   <marc:datafield ind1=" " ind2=" " tag="653">
      <marc:subfield code="a">Untreue</marc:subfield>
   </marc:datafield>
   <marc:datafield ind1=" " ind2=" " tag="653">
      <marc:subfield code="a">Ehe</marc:subfield>
   </marc:datafield>
   <marc:datafield ind1="0" ind2="0" tag="245">
      <marc:subfield code="a">Endlich!</marc:subfield>
   </marc:datafield>
   <marc:datafield ind1="0" ind2="0" tag="245">
      <marc:subfield code="b">Roman</marc:subfield>
   </marc:datafield>
   <marc:datafield ind1="0" ind2="0" tag="245">
      <marc:subfield code="c">Ildiko von Kürthy ; Mit Illustrationen von Tomek Sadurski</marc:subfield>
   </marc:datafield>
   <marc:datafield ind1=" " ind2="1" tag="264">
      <marc:subfield code="a">Reinbek bei Hamburg</marc:subfield>
      <marc:subfield code="b">Rowohlt Verlag GmbH</marc:subfield>
      <marc:subfield code="c">2010</marc:subfield>
   </marc:datafield>
   <marc:datafield ind1="1" ind2=" " tag="520">
      <marc:subfield code="a">Ich bin gerade vierzig geworden. &lt;br/&gt;Aber es kommt noch schlimmer.&lt;br/&gt;Weil ich versehentlich die Wahrheit über meine Ehe herausgefunden habe: &lt;br/&gt;Ich bin eine betrogene Frau!&lt;br/&gt;Ist das das Ende? Oder ein Anfang? &lt;br/&gt;Erstmal brauche ich ein neues Ego und definierte Oberarme.&lt;br/&gt;Ich beschatte meinen Mann, schlafe mit einem fremden Mann, besuche das Seminar Nackt besser aussehen und schaffe mit meinem neuen Personaltrainer hundert Liegestütze. &lt;br/&gt;Ich habe noch genau vier Wochen Zeit, um eine Frau zu werden, die man nicht betrügt, eine Diva, wie meine beste Freundin. Die erzählt keinem, von wem ihr Sohn ist, plant ihr Bühnencomeback und hat noch nie eine Zugabe gegeben. Nur eine schlafende Frau ist eine zufriedene Frau , sagt sie.&lt;br/&gt;Aber ich war zufrieden! Ich will meinen Mann und mein Leben zurück!&lt;br/&gt;Und? &lt;br/&gt;Gewonnen?&lt;br/&gt;Zum Schluss bekomme ich eine einzige Zugabe und genau das, was ich mir schon immer hätte wünschen sollen. &lt;br/&gt;Endlich! &lt;br/&gt;</marc:subfield>
   </marc:datafield>
   <marc:datafield ind1=" " ind2=" " tag="020">
      <marc:subfield code="a">9783805208987</marc:subfield>
      <marc:subfield code="9">9783805208987</marc:subfield>
   </marc:datafield>
   <marc:datafield ind1=" " ind2=" " tag="041">
      <marc:subfield code="a">ger</marc:subfield>
   </marc:datafield>
   <marc:datafield ind1=" " ind2=" " tag="300">
      <marc:subfield code="a">311 S.</marc:subfield>
   </marc:datafield>
</marc:record>
